Statistics for Band by One of Their Songs #1

Click here to take the quiz!

General Stats

  • This quiz has been taken 52 times
    (24 since last reset)
  • The average score is 7 of 15

Answer Stats

HintAnswer% Correct
Smells Like Teen SpiritNirvana
83%
Here Comes the SunThe Beatles
83%
Comfortably NumbPink Floyd
79%
In the EndLinkin Park
54%
Party Rock AnthemLMFAO
54%
Don't SpeakNo Doubt
50%
Killing in the NameRage Against the Machine
50%
Bye Bye ByeNSYNC
42%
The ChainFleetwood Mac
38%
Last ResortPapa Roach
38%
Freak on a LeashKorn
33%
Light My FireThe Doors
33%
Insane in the BrainCypress Hill
25%
Rainbow in the DarkDio
21%
It's Like ThatRun-D.M.C.
8%

Score Distribution

Percentile by Number Answered

Percent of People with Each Score

Your Score History

You have not taken this quiz since the last reset